Statistics for Countries With The Highest Percentage of Population of Hindus

Click here to take the quiz!

General Stats

  • This quiz has been taken 72 times
  • The average score is 8 of 12

Answer Stats

PercentAnswer% Correct
79.8%India
100%
81.3%Nepal
98%
25.0%Bhutan
89%
12.6%Sri Lanka
86%
27.7%Fiji
65%
48.5%Mauritius
65%
11.0%United Arab Emirates
57%
13.8%Qatar
55%
12.0%Kuwait
52%
24.8%Guyana
51%
22.3%Suriname
48%
22.5%Trinidad and Tobago
42%

Score Distribution

Percentile by Number Answered

Percent of People with Each Score

Your Score History

You have not taken this quiz